Statistiken für Länder mit den meisten Everest-Aufstiegen

Klicken Sie hier um das Quiz zu spielen!

Allgemein

  • Dieses Quiz wurde 772 mal gespielt
  • Das Durchschnittsergebnis liegt bei 18 aus 20

Antwortstatistiken

Aufstiege Land % Korrekt
727Vereinigte Staaten
100%
3'620Nepal
99%
435China
99%
75Deutschland
98%
347Indien
96%
171Russland
95%
115Frankreich
95%
120Kanada
93%
78Italien
92%
214Japan
91%
98Spanien
91%
51Österreich
90%
68Schweiz
89%
385Vereinigtes Königreich
88%
105Australien
87%
42Norwegen
75%
50Polen
72%
93Neuseeland
71%
53Mexiko
70%
129Südkorea
69%

Verteilung der Resultate

Perzentil nach korrekt beantworteten Fragen

Anzahl Personen mit jedem Resultat

Ihre Resultats-Entwicklung

Sie haben dieses Quiz noch nicht gespielt